000 00494nam a22001697a 4500
005 20251108171906.0
008 250721s2001 xx 000 0 ara d
082 1 4 _a005.3/برك
100 1 _aبركات، جورج عطا الله
245 1 0 _aالمرجع التعليمي الشامل 33d studio max ver 4. 0 /
264 1 _aدمشق :
_bدار الرضا،
_c2001.
300 _aج.1.
650 1 7 _aالبرامج
650 1 7 _aالحواسيب
942 _2ddc
_cBK
999 _c65312
_d65312